000 00491nam a2200169 a 4500
001 000029221
005 20200930055415.0
008 110414s1987 dr 000 0 spa d
040 _aDO-SdBNP
_bspa
_cBNPHU
082 _axxxx
_bS715s
100 1 _aVicent-Marqués, José
_956118
245 1 0 _aSobre la vanidad masculina /
_cJosé Vicent-Marqués ; Betty Friedan.
260 _aSanto Domingo :
_bAlas,
_c1987.
300 _a22 p. ;
_c22 cm.
504 _aBibliografía: p. 18
049 _aBNPD
999 _c28713
_d28713